ბათუმის შოთა რუსთაველის სახელმწიფო უნივერსიტეტის ბიბლიოთეკა

Справочник конструктора точных приборов. (ბიბ.ჩანაწერი № 42558)

000 -LEADER
fixed length control field 00583nam a2200193Ia 4500
001 - CONTROL NUMBER
control field 9257
003 - CONTROL NUMBER IDENTIFIER
control field GE_BSU
008 - FIXED-LENGTH DATA ELEMENTS--GENERAL INFORMATION
fixed length control field 181216s||||||||xx |||||||||||||| ||und||
040 ## - CATALOGING SOURCE
Transcribing agency GE_BSU
080 ## - UNIVERSAL DECIMAL CLASSIFICATION NUMBER
Universal Decimal Classification number 681.21(035.5)
100 ## - MAIN ENTRY--PERSONAL NAME
Personal name Левин,И.Я. Щиряева,В.А.
245 ## - TITLE STATEMENT
Title Справочник конструктора точных приборов.
260 ## - PUBLICATION, DISTRIBUTION, ETC.
Place of publication, distribution, etc. М.
260 ## - PUBLICATION, DISTRIBUTION, ETC.
Name of publisher, distributor, etc. Оборонгиз.
260 ## - PUBLICATION, DISTRIBUTION, ETC.
Date of publication, distribution, etc. 1962.
300 ## - PHYSICAL DESCRIPTION
Extent 727 стр. с илл. 22см.
653 ## - INDEX TERM--UNCONTROLLED
Uncontrolled term Справочник конструктора точных приборов.
942 ## - ADDED ENTRY ELEMENTS (KOHA)
Koha item type წიგნი
ეგზემპლარები
Withdrawn status Lost status Damaged status Not for loan Date acquired Barcode Date last seen Price effective from Koha item type
        2018-12-17 10378 2018-12-17 2018-12-17 წიგნი